[Event "I Magistral Barbera del Valles 2021"]
[Site "Barbera del Valles"]
[Date "2021.11.21"]
[Round "1.1"]
[White "Asis Gargatagli, Hipolito"]
[Black "Garriga Cazorla, Pere"]
[Result "1/2-1/2"]
[WhiteElo "2502"]
[BlackElo "2477"]
[Annotator "TA"]
[PlyCount "47"]
[EventDate "2021.11.20"]
[EventType "tourn"]
[EventCountry "ESP"]
[SourceTitle "playchess.com"]
[Source "ChessBase"]
[SourceQuality "1"]

{[%evp 12,47,38,1,2,1,12,14,8,15,18,0,0,0,0,0,18,12,11,21,22,21,21,13,20,-78,-29,-15,-8,-20,-6,-27,-10,-21,-14,-20,-9,-11]} 1. e4 c5 2. Nf3 e6 3. b3 Nc6 4. Bb2 a6 5. g3 d6 6. Bg2 Nf6 7. Qe2 Be7 {B40: Sicilian: 2...e6, Unusual lines.} 8. O-O O-O 9. d4 cxd4 10. Nxd4 Bd7 11. Nxc6 Bxc6 {[#]} 12. c4 $146 ({Predecessor:} 12. Rd1 Qc7 13. c4 b5 14. Nd2 Rac8 15. Rac1 Qb7 16. Qe3 Rfd8 17. h3 Nd7 18. Bc3 {½-½ (26) Movsziszian,K (2564)-Cabrera Pino,A (2507) Valencia 2009}) 12... b5 13. Na3 {[%cal Rc4b5,Bb1a3,Ba3c2,Bc2d4][%mdl 32]} Rb8 14. Rac1 b4 15. Nc2 Nd7 16. Rfd1 Qc7 17. Nd4 Ba8 18. c5 (18. a3 $11 {keeps the balance.}) 18... dxc5 19. Qxa6 {[#] Strongly threatening Nxe6!} Rb6 20. Qe2 Rd8 21. Nf3 Rd6 22. Rxd6 {The position is equal.} Qxd6 23. Rd1 Qc7 24. Bc1 {Weighted Error Value: White=0.17/Black=0.07} 1/2-1/2

[Event "I Magistral Barbera del Valles 2021"]
[Site "Barbera del Valles"]
[Date "2021.11.21"]
[Round "1.2"]
[White "Rios, Cristian Camilo"]
[Black "Sankalp Gupta"]
[Result "0-1"]
[WhiteElo "2460"]
[BlackElo "2468"]
[Annotator "TA"]
[PlyCount "67"]
[EventDate "2021.11.20"]
[EventType "tourn"]
[EventCountry "ESP"]
[SourceTitle "playchess.com"]
[Source "ChessBase"]
[SourceQuality "1"]

{[%evp 10,67,16,23,18,0,23,0,-8,-30,-33,-34,-42,-36,-31,-31,-30,-30,-30,-33,-31,-54,-45,-45,-45,-77,-65,-93,-83,-179,-180,-174,-189,-191,-152,-152,-162,-175,-177,-175,-141,-179,-180,-217,-211,-211,-214,-303,-301,-296,-272,-282,-267,-381,-126,-1509,-14,-59,-16,-355]} 1. c4 e5 2. Nc3 Bb4 3. g3 Bxc3 4. bxc3 Nc6 5. Bg2 d6 6. d3 Nge7 {A21: English Opening: 1...e5 2 Nc3.} 7. Nh3 h5 8. e4 Ng6 {[#]} 9. O-O $146 ({Predecessor:} 9. Be3 Bd7 10. Ng5 f6 11. Nf3 h4 12. Nd2 b6 13. Qe2 Qc8 14. Bf3 Nce7 15. a4 {½-½ (30) Artemiev,V (2746)-Melkumyan,H (2650) Douglas 2019}) 9... h4 {[#] ...hxg3 is the strong threat.} 10. g4 Qd7 11. f3 Nd8 12. Be3 Ne6 13. Qd2 b6 14. Rf2 f6 15. Kh1 Bb7 16. Rg1 O-O-O 17. f4 exf4 18. Bxf4 Kb8 ({Much weaker is} 18... Ngxf4 $6 19. Nxf4 Kb8 20. h3 $11) 19. Be3 (19. Qe2 $17) 19... Ne5 $19 20. Qe2 Nc5 21. d4 Nxg4 22. dxc5 Nxf2+ 23. Nxf2 dxc5 24. h3 Rde8 25. Bf4 g5 26. Bh2 f5 27. e5 Bxg2+ 28. Rxg2 (28. Kxg2 $142 Rhg8 29. Rd1) 28... Rhg8 29. Qd3 Qc8 30. Qe2 Qe6 31. Nd1 (31. Kg1 $142) 31... Rg6 $2 {[#]} (31... f4 $19 {has better winning chances.} 32. Nf2 Qf5) 32. Bf4 $2 {[%mdl 8192]} g4 $2 (32... gxf4 $19 33. Qd2 Rxg2 34. Qxg2 Qxe5 35. Nf2 Qxc3 36. Kh2 Qg3+ 37. Qxg3 hxg3+ 38. Kg1 Re1+ 39. Kg2 Re2 {[%mdl 64] Double Attack, Pin} 40. Kf1 Rxf2+ 41. Ke1 Rxa2 42. Kf1 f3 43. Ke1 g2 44. h4 g1=Q#) 33. Kh2 Qc6 {White must now prevent ...Reg8.} 34. Kg1 $2 {[%mdl 8192] Weighted Error Value: White=0.47/Black=0.38} (34. Ne3 $1 $11 {and White stays safe.}) 0-1

[Event "I Magistral Barbera del Valles 2021"]
[Site "Barbera del Valles"]
[Date "2021.11.21"]
[Round "1.3"]
[White "Hernandez, Cristian Andres"]
[Black "Vasquez Schroeder, Rodrigo"]
[Result "0-1"]
[WhiteElo "2376"]
[BlackElo "2485"]
[Annotator "TA"]
[PlyCount "110"]
[EventDate "2021.11.20"]
[EventType "tourn"]
[EventCountry "ESP"]
[SourceTitle "playchess.com"]
[Source "ChessBase"]
[SourceQuality "1"]

{[%evp 9,110,-34,-23,-45,-41,-90,-83,-101,-87,-87,-87,-87,-87,-85,-82,-96,-80,-89,-90,-78,-72,-104,-104,-104,-103,-100,-109,-114,-107,-107,-54,-69,-72,-128,-113,-105,-84,-113,-117,-94,-118,-140,-145,-234,-227,-250,-235,-248,-237,-160,-96,-214,-118,-210,-230,-209,-210,-308,-302,-290,-295,-270,-279,-286,-261,-475,-469,-501,-404,-913,-897,-828,-710,-706,-708,-700,-698,-703,-695,-692,-695,-687,-675,-680,-326,-747,-406,-452,-444,-444,-433,-402,-333,-732,-720,-700,-647,-29973,-29950,-5958,-6083,-29966,-6637]} 1. Nf3 d5 2. c4 d4 3. e3 Nc6 4. d3 e5 5. a3 a5 6. g3 {A09: Réti Opening: 1 Nf3 d5 2 c4.} Bc5 7. e4 {[#]} Be7 $146 ({Predecessor:} 7... Nge7 8. Bg2 f6 9. Nh4 O-O 10. O-O g5 11. Nf3 Ng6 12. Ne1 Be6 13. b3 Qd7 {1-0 (41) Grunberg,M (2419)-Bonte,A (2323) Baile Felix 2011}) 8. Bg2 {Black is better.} h5 9. h4 Nf6 10. Bg5 Nd7 11. Bxe7 Qxe7 12. Nbd2 a4 13. Bh3 Nc5 14. Bxc8 Rxc8 15. Qe2 f6 16. Ng1 Qd7 17. f3 Na5 18. Rc1 Rb8 19. Nh3 g6 (19... b5 $17 {Strongly threatening ...bxc4.} 20. Nf2 b4) 20. Nf2 Qd6 21. Rc2 (21. Nh3 $142) 21... Nc6 {[%cal Ba5c6,Bc6d8,Bd8e6][%mdl 32]} 22. Kd1 Nd8 23. Re1 Nde6 24. f4 exf4 25. e5 Qxe5 26. Qxe5 (26. Nde4 $17 Nxe4 27. gxf4 Qxf4 28. Nxe4) 26... fxe5 $19 27. Rxe5 {aiming for Nfe4.} O-O ({Much less strong is} 27... fxg3 28. Nfe4 $17) 28. g4 hxg4 29. Nxg4 Rbe8 (29... f3 $142 $1 {[%cal Rf3f2]} 30. Ne4 Nxe4 31. Rxe4 Rf4 $1) 30. Nf2 {[#]} (30. Ne4 $17 {keeps fighting.} Nxe4 31. Rxe4) 30... Rf5 ({Black should play} 30... f3 $1 $19 31. Rc1 Nd7) 31. Rxf5 (31. Nf3 $17) 31... gxf5 32. Nf3 Kf7 33. Re2 (33. Rd2 {was necessary.}) 33... Rg8 34. Re1 Rg3 35. Ke2 Kg6 36. Rh1 Kh5 37. Rh2 $2 (37. Re1 {is a better defense.}) 37... Nd7 38. Nh3 {[#]} Ne5 $1 {[%mdl 512]} 39. Nhg5 (39. Nxe5 $142 Re3+ {[%mdl 64] Double Attack} 40. Kf1 Rxe5 41. Ng5) 39... Ng4 40. Rh3 Rg2+ 41. Ke1 Nc5 42. Nxd4 Ne3 {[%cal Rc5d3]} 43. Ne2 Nxd3+ {[%mdl 64] Double Attack} 44. Kd2 Nxb2 45. Ne6 Nbxc4+ 46. Ke1 Kh6 (46... Nc2+ $142 47. Kd1 N4e3+ 48. Kd2 {[#]} Nd5 $1) 47. N2xf4 $2 (47. N6xf4 Rg4 48. Kf2) 47... Rg4 48. Ke2 Ng2 49. Nxg2 Rxg2+ {[%mdl 4096] Endgame KRN-KRN} 50. Kd3 Nxa3 51. Nxc7 $2 (51. Rf3) 51... Nb1 {And now ...a3 would win.} 52. Rh1 Rb2 {White must now prevent ...a3.} 53. Nd5 a3 54. Nc3 Nxc3 55. Kxc3 b5 {Weighted Error Value: White=0.70/Black=0.27} 0-1

[Event "I Magistral Barbera del Valles 2021"]
[Site "Barbera del Valles"]
[Date "2021.11.21"]
[Round "1.4"]
[White "Munoz, Miguel"]
[Black "Alsina Leal, Daniel"]
[Result "1/2-1/2"]
[WhiteElo "2450"]
[BlackElo "2497"]
[Annotator "TA"]
[PlyCount "29"]
[EventDate "2021.11.20"]
[EventType "tourn"]
[EventCountry "ESP"]
[SourceTitle "playchess.com"]
[Source "ChessBase"]
[SourceQuality "1"]

{[%evp 11,29,6,15,2,20,7,7,10,10,8,14,12,12,0,17,0,19,0,14,0]} 1. e4 c5 2. Nf3 d6 3. Bb5+ Nd7 4. d4 cxd4 5. Qxd4 a6 6. Bxd7+ Bxd7 {The position is equal.} 7. c4 {B51: Sicilian: Moscow Variation (3 Bb5+) without 3...Bd7.} b5 8. Nc3 e5 9. Qd3 {[%cal Rc4b5]} bxc4 10. Qxc4 Be6 11. Qc6+ {The main line 11.Qc6+ scores better than 11.Qd3.} Bd7 12. Qc4 Be6 13. Qc6+ Bd7 14. Qc4 {[#]} Be6 $146 ({Predecessor:} 14... h6 15. O-O Nf6 16. Rd1 Be7 17. b3 O-O 18. Qd3 Rc8 19. Bb2 Qb6 20. Rac1 Qb7 21. Nd2 Be6 22. Nf1 Nd7 23. Ne3 Nc5 {0-1 (49) Tofighi,H (2916)-Siva,M (2857) Chess.com INT 2020}) 15. Qc6+ {Not much happened in this game.  Weighted Error Value: White=0.07/Black=0.02} 1/2-1/2

[Event "I Magistral Barbera del Valles 2021"]
[Site "Barbera del Valles"]
[Date "2021.11.21"]
[Round "1.5"]
[White "Alonso Garcia, Aaron"]
[Black "Lopez Martinez, Josep Manuel"]
[Result "0-1"]
[WhiteElo "2367"]
[BlackElo "2520"]
[Annotator "TA"]
[PlyCount "114"]
[EventDate "2021.11.20"]
[EventType "tourn"]
[EventCountry "ESP"]
[SourceTitle "playchess.com"]
[Source "ChessBase"]
[SourceQuality "1"]

{[%evp 22,114,60,35,43,9,31,0,0,-36,30,-22,-27,-47,-56,-46,-48,-46,-30,-52,-49,-47,-57,-73,-63,-88,-84,-67,-89,-83,-17,-27,-29,-51,-35,-39,-39,-44,-40,-45,-54,-40,-19,-17,-10,-43,-31,-45,-43,-53,-48,-42,-44,-54,0,-38,-38,-37,-33,-73,-8,-12,-29,-769,-758,-717,-687,-1068,-1047,-1095,-954,-29980,-29983,-29983,-29984,-29984,-29985,-29985,-29986,-29986,-29987,-29987,-29988,-29987,-29988,-29989,-29990,-29990,-29991,-29991,-29992,-29992,-29993,-29993,-29994]} 1. e4 e6 2. d4 d5 3. Nc3 Bb4 4. e5 c5 5. a3 Bxc3+ 6. bxc3 Nc6 7. Qg4 g6 8. Nf3 Qa5 9. Bd2 Qa4 10. Be2 c4 11. O-O Bd7 12. Ra2 O-O-O {C18: French: 3 Nc3 Bb4: Main line: 7 h4 and 7 Qg4.} 13. Bg5 Rf8 {[#]} 14. Rb1 $146 ({Predecessor:} 14. Qh4 h6 15. Rb1 Rh7 16. h3 f5 17. exf6 Rff7 18. Qg3 Qa5 19. Bf4 Nxf6 20. Nd2 {1-0 (50) Saric,I (2689)-Lupulescu,C (2606) Batumi 2018}) 14... h6 {The position is equal.} 15. Qh3 Qa5 {[#]} (15... f5 $15) 16. Nd2 f6 $11 17. exf6 Nxf6 18. Bxf6 ({Avoid the trap} 18. Bxh6 $2 {[#]} Ng8 $1 $19) 18... Rxf6 19. Qe3 Qc7 20. Nf3 Qf4 21. Qxf4 Rxf4 22. g3 Rf7 23. Nh4 g5 24. Bh5 Rf6 25. Ng2 e5 (25... Nd8 $17) 26. dxe5 Nxe5 27. Re1 Nf3+ 28. Bxf3 Rxf3 29. Re3 Rhf8 30. Rxf3 Rxf3 $15 {[%mdl 4096] Endgame KRB-KRN} 31. Ne3 Be6 32. Ra1 Kc7 33. Kf1 Kc6 34. Ke2 Rf7 35. Rb1 b6 36. f3 Kc5 37. Rh1 Re7 (37... Kb5 $15) 38. g4 d4 39. cxd4+ Kxd4 40. h4 b5 (40... Kc3 $17) 41. hxg5 hxg5 42. Rh5 $2 {[%mdl 8192] Loses the game.} (42. Rc1 $11) 42... Bf7 $19 43. c3+ Kxc3 44. Rh6 a5 45. Ra6 b4 46. Rxa5 Kd4 {Black mates.} 47. axb4 Rxe3+ {KRB-KR} 48. Kf2 c3 49. Ra1 c2 50. Rc1 Bg6 51. b5 Rb3 52. Ke2 Kc3 53. f4 gxf4 54. b6 Kb2 55. Kd2 Rd3+ 56. Ke2 Kxc1 57. b7 Rb3 {Weighted Error Value: White=0.49/Black=0.12} 0-1

[Event "I Magistral Barbera del Valles 2021"]
[Site "Barbera del Valles"]
[Date "2021.11.22"]
[Round "2.1"]
[White "Garriga Cazorla, Pere"]
[Black "Lopez Martinez, Josep Manuel"]
[Result "0-1"]
[WhiteElo "2477"]
[BlackElo "2520"]
[Annotator "TA"]
[PlyCount "148"]
[EventDate "2021.11.20"]
[EventType "tourn"]
[EventCountry "ESP"]
[SourceTitle "playchess.com"]
[Source "ChessBase"]
[SourceQuality "1"]

{[%evp 12,148,33,-6,9,12,33,18,0,0,30,27,31,16,25,23,34,0,31,31,30,31,77,13,19,0,0,0,0,0,8,0,0,0,0,0,0,-40,0,-25,52,21,81,66,76,46,187,202,219,115,110,112,203,174,186,139,298,204,407,233,204,214,317,257,394,380,376,93,79,64,60,28,35,27,36,-89,-84,-160,-167,-159,-161,-164,-164,-166,-158,-151,-150,-190,-165,-201,-86,-94,-94,-88,-89,-168,-175,-149,-193,-324,-280,-331,-309,-413,-425,-404,-393,-350,-243,-436,-360,-593,-594,-589,-583,-589,-567,-566,-553,-573,-522,-721,-737,-677,-678,-749,-756,-6079,-5447,-29972,-29973,-29969,-29969,-29987,-29974,-29974,-29974,-29992,-29993]} 1. d4 d5 2. c4 e6 3. Nf3 Nf6 4. Nc3 c6 5. e3 Nbd7 6. Qc2 Be7 7. g4 h6 {D45: Semi-Slav: 5 e3.} 8. Rg1 dxc4 9. g5 hxg5 {The position is equal.} 10. Nxg5 Nf8 {[#]} (10... Rxh2 11. Nxf7 $1 Kxf7 12. Qg6+ Kf8 13. Qxg7+ Ke8 14. Qg6+ Kf8 15. e4 $18 (15. Bxc4 Bb4 $16)) (10... Nh5 {feels hotter.} 11. h4 b5 12. a4 Rb8 13. axb5 cxb5 14. Rxa7 Qb6) 11. Bxc4 $146 ({Predecessor:} 11. Nf3 g6 12. Bxc4 Rh3 13. Ng5 Rxh2 14. Bd3 Rh6 15. e4 Ng8 16. Be3 Rh5 17. f4 {0-1 (39) Adamek,Z (2095)-Svoboda,Z (2055) Czech Republic 1993}) 11... Rxh2 12. Nf3 Rh3 13. Be2 g6 14. e4 Rxf3 15. Bxf3 Qxd4 16. Be3 Qb4 17. Rg5 ({Better is} 17. O-O-O $16) 17... N6d7 $11 18. a3 Qd6 19. Rd1 Qb8 20. Rg1 {Black should prevent Rh1.} e5 21. Rh1 Bf6 22. Be2 Ne6 23. Bc4 $36 {[%mdl 2048] Black is under pressure.} Ndf8 24. b4 {[%cal Bb2b4,Bb4b5][%mdl 32]} Qc7 25. b5 Bd7 (25... Nd4 $11 26. Qa4 Bd7) 26. Qb3 $14 Qa5 (26... Qd8 $11) 27. Kf1 Rd8 28. b6 Ra8 (28... a6 $14) 29. bxa7 $18 Rxa7 30. Bxa7 (30. a4 $1 $18 Nd4 31. Bxf7+ Kd8 32. Qa3) 30... Qxa7 $16 31. a4 b6 (31... Bc8 $16 {was worth a try.} 32. Qb4 Be7) 32. Rb1 $1 $18 Bd8 33. Qb4 Ng5 $2 (33... Nc5 $16 34. Rh8 Bg4) 34. Kg2 {aiming for Rh8!} Qc7 $2 (34... Bg4) 35. Be2 (35. Rh8 $142 {[%csl Gb4][%cal Rh8f8]} Bh3+ 36. Rxh3 Nxh3 37. Kxh3) 35... Nge6 36. Rh8 Bc8 (36... Qa7 $142 37. Bc4 Nc5) 37. Bg4 Nc5 (37... c5 {was called for.} 38. Qb5+ Bd7) 38. Bxc8 Qxc8 39. Rh3 $2 (39. a5 $18 {and White stays clearly on top.} Ncd7 40. Qc4) 39... Nfe6 $16 {( -> ...Nf4+)} 40. Ne2 Qa6 41. Rh8+ Ke7 $1 42. Ng3 Qd3 43. Re1 (43. Kg1 $14) 43... Nf4+ $17 44. Kg1 (44. Kh2 $142) 44... Qf3 {[%csl Gf4][%cal Rf3g2]} 45. Rh2 Nfd3 $1 {[%csl LRb4,LRe1][%mdl 64] Double Attack} 46. Qd2 {Black must now prevent Re3.} Nxe1 47. Qxe1 Nxa4 48. Qa1 {[#]} Nc5 $1 ({Worse is} 48... Nc3 49. Qa7+ Kd6 50. Qb8+ Kd7 51. Rh8 $11) 49. Rh3 Qf6 ({But not} 49... Nxe4 $2 50. Qxe5+ Kd7 51. Qxe4 $18) 50. Qa7+ Nd7 (50... Kf8 $19 {is more deadly.} 51. Rh2 Kg7) 51. Nf1 {[#]} Qd6 $1 52. Ne3 b5 {[%cal Bb6b5,Bb5b4][%mdl 32] ...Qb4 is the strong threat.} 53. Rf3 (53. Rh8 $17) 53... Bb6 $19 54. Qa2 Qe6 55. Qc2 (55. Qa8 $142) 55... Bd4 56. Kg2 Nc5 57. Nf1 b4 58. Nd2 Qg4+ 59. Kf1 {intending Qc4.} Bc3 {Strongly threatening ...Ne6.} 60. Rg3 $2 (60. Qa2 {was the only chance.} f5 61. Qa7+ Nd7 62. exf5 gxf5 63. Qb7) 60... Qf4 61. Rxc3 $2 (61. Re3) 61... bxc3 62. Qxc3 Nxe4 {[%csl Ge4][%cal Rf4f2]} 63. Qb4+ Nd6 64. Qc3 Qd4 65. Qa5 Qd5 66. Qc7+ Kf6 67. Ke1 Kg7 68. Qe7 Nf5 69. Qc7 Qh1+ 70. Ke2 Nd4+ {Black mates.} 71. Kd3 Qd5 72. Ke3 Nf5+ 73. Ke2 Qb5+ 74. Ke1 Nd4 {[%csl Gd4][%cal Rb5e2] Quite a comeback for Black.  Weighted Error Value: White=0.44/Black=0.28} 0-1

[Event "I Magistral Barbera del Valles 2021"]
[Site "Barbera del Valles"]
[Date "2021.11.22"]
[Round "2.2"]
[White "Alsina Leal, Daniel"]
[Black "Alonso Garcia, Aaron"]
[Result "1-0"]
[WhiteElo "2497"]
[BlackElo "2367"]
[Annotator "TA"]
[PlyCount "63"]
[EventDate "2021.11.20"]
[EventType "tourn"]
[EventCountry "ESP"]
[SourceTitle "playchess.com"]
[Source "ChessBase"]
[SourceQuality "1"]

{[%evp 9,62,22,31,35,43,37,63,62,79,76,102,112,111,65,188,184,214,140,204,198,237,235,246,223,261,261,310,279,295,290,357,360,467,481,556,537,820,821,1347,1342,1410,1372,1299,1150,1129,1112,4460,6731,29995,29996,29997,29998,29998,29999,29999]} 1. e4 e6 2. d4 d5 3. Nc3 Bb4 4. e5 Qd7 5. h4 b6 6. Qg4 {C16: French: 3 Nc3 Bb4 4 e5: Lines without ...c5.} Bf8 7. h5 h6 8. b4 {[#] White is slightly better.} Ne7 $146 ({Avoid the trap} 8... Bxb4 $2 9. Qxg7 Bxc3+ 10. Bd2 $16) ({Predecessor:} 8... a6 9. a3 Ne7 10. Bd3 c5 11. bxc5 bxc5 12. dxc5 Qc7 13. Nf3 Nd7 14. O-O Nxc5 {1-0 (30) Sheng,J (2453)-Hevia Alejano,C (2467) chess.com INT 2021}) 9. Rb1 a6 10. Nf3 Nbc6 11. Bd3 f6 {A mistake that costs the game.} (11... a5 $14) 12. Ne2 $18 f5 13. Qh3 Bb7 (13... a5 $16) 14. Nf4 Nd8 15. g4 fxg4 16. Qxg4 Bc6 17. Ng6 Nxg6 18. Bxg6+ ({Not} 18. Qxg6+ Qf7 $16) 18... Nf7 19. Qf4 Bb5 20. Nh4 c5 21. bxc5 bxc5 22. Rh3 Qc7 23. Rf3 Ra7 24. a4 Qa5+ 25. Bd2 Qxa4 26. Bxf7+ Kd8 27. Bxe6 Qc4 28. Ba5+ Ke8 29. Bf7+ {White mates.} Kd7 30. Qf5+ Kc6 31. Qc8+ Rc7 32. Qxc7# {Weighted Error Value: White=0.06/Black=0.67} 1-0

[Event "I Magistral Barbera del Valles 2021"]
[Site "Barbera del Valles"]
[Date "2021.11.22"]
[Round "2.3"]
[White "Vasquez Schroeder, Rodrigo"]
[Black "Munoz, Miguel"]
[Result "1/2-1/2"]
[WhiteElo "2485"]
[BlackElo "2450"]
[Annotator "TA"]
[PlyCount "35"]
[EventDate "2021.11.20"]
[EventType "tourn"]
[EventCountry "ESP"]
[SourceTitle "playchess.com"]
[Source "ChessBase"]
[SourceQuality "1"]

{[%evp 23,35,12,17,-4,0,0,0,0,0,0,0,-26,-33,-37]} 1. d4 Nf6 2. c4 c5 3. d5 d6 4. Nc3 g6 5. e4 Bg7 6. Nf3 O-O 7. h3 e6 8. Bd3 exd5 9. cxd5 b5 10. Nxb5 Re8 11. O-O Nxe4 12. Re1 a6 13. Rxe4 {13.Nc3 is the modern continuation. A70: Modern Benoni: 6 e4 g6 7 Nf3.} (13. Nc3 {keeps more tension.} Nxc3 14. Rxe8+ Qxe8 15. bxc3 Bxc3 16. Rb1) 13... Rxe4 14. Nxd6 Rb4 15. a3 {[#] aiming for Nxf7.} Qxd6 16. axb4 cxb4 {[#]} 17. Ng5 $146 ({Predecessor:} 17. Qe1 Nd7 18. Qe8+ Qf8 19. Qxf8+ Bxf8 20. Bb5 Nc5 21. Bc6 Bb7 22. Be3 Bxc6 23. dxc6 {½-½ (31) Fressinet,L (2676)-Gashimov,V (2703) Dresden 2008}) 17... Nd7 18. Bc4 {White did not feel at home in the position after the opening.  Weighted Error Value: White=0.11/Black=0.00} 1/2-1/2

[Event "I Magistral Barbera del Valles 2021"]
[Site "Barbera del Valles"]
[Date "2021.11.22"]
[Round "2.4"]
[White "Sankalp Gupta"]
[Black "Hernandez, Cristian Andres"]
[Result "1-0"]
[WhiteElo "2468"]
[BlackElo "2376"]
[Annotator "TA"]
[PlyCount "133"]
[EventDate "2021.11.20"]
[EventType "tourn"]
[EventCountry "ESP"]
[SourceTitle "playchess.com"]
[Source "ChessBase"]
[SourceQuality "1"]

{[%evp 15,133,26,46,39,39,20,44,28,38,25,27,26,33,19,19,22,32,8,18,11,92,75,79,62,70,54,59,53,118,103,105,92,191,201,216,124,153,164,139,77,198,98,100,108,134,127,129,113,104,128,110,109,108,96,152,94,84,93,305,300,278,214,219,0,0,-18,12,-89,37,41,21,32,32,0,0,-54,-54,-29,41,39,31,20,34,14,16,19,47,33,39,49,79,81,393,385,407,412,859,558,1062,508,668,669,856,849,1020,777,859,855,875,875,872,863,1361,1354,1312,1325,1297,1283,1291,1289]} 1. e4 e5 2. Nf3 Nc6 3. Bb5 a6 4. Ba4 Nf6 5. O-O Be7 6. d3 d6 7. c3 O-O 8. Nbd2 {[%cal Bb1d2,Bd2f1,Bf1e3][%mdl 32]} Re8 9. Re1 {C77: Ruy Lopez: 3...a6 4 Ba4 Nf6, unusual lines.} Bf8 10. Nf1 g6 11. Bg5 {White is slightly better.} h6 12. Bd2 {[#]} Bg7 $146 ({Predecessor:} 12... b5 13. Bc2 d5 14. h3 d4 15. cxd4 Nxd4 16. Nxd4 Qxd4 17. Qc1 Kh7 18. Bb3 Qd7 {1-0 (35) Raja,H (2377)-Kotyk,V (2157) Pardubice 2017}) 13. h3 Bd7 14. Ne3 Nh5 15. Bc2 Nf4 16. Qc1 Qc8 17. h4 Bg4 (17... Kh7 $11) 18. Nh2 $1 $16 {[%cal Rh2g4]} Bd7 19. Nef1 g5 20. hxg5 hxg5 21. g3 Nh3+ (21... Re6 $14) 22. Kg2 Nf4+ 23. gxf4 Bh3+ (23... gxf4 $16 24. f3 Re6) 24. Kh1 $1 $18 gxf4 {[#]} 25. Bd1 (25. Ne3 $1 $18 {[%mdl 512]}) 25... Ne7 26. Bh5 Ng6 27. f3 (27. Qd1 $142) 27... Nh4 (27... Qd8 $16) 28. Bg4 (28. Bxf4 $18 {Bg5 is the strong threat.} exf4 29. Qxf4 {[%mdl 64] Double Attack}) 28... Bxg4 $16 29. fxg4 d5 30. exd5 Qd7 31. c4 c6 32. Re4 cxd5 33. cxd5 Rac8 34. Qd1 Rc5 ({Black should try} 34... Qxd5 35. Qb3 Qxb3 36. axb3 Red8) 35. d6 ({Better is} 35. Qe2) 35... Rd5 36. Qe2 {aiming for Bxf4!} f5 $2 (36... Re6 $16) 37. gxf5 $18 Nxf5 38. Qg4 Rxd3 39. Bc3 $2 (39. Bxf4 exf4 40. Rxf4 (40. Rxe8+ $2 Qxe8 41. Rc1 Qe4+ 42. Qg2 f3 $19) 40... Qc6+ 41. Nf3 Nh6 $17) (39. Rae1 $18) 39... Rg3 $11 40. Qd1 {White wants to play Qd5+.} Rg6 41. Bb4 (41. Qd5+ $11 {remains equal.} Kh7 42. Re2 (42. Bxe5 $2 Bxe5 43. Re2 Bd4 $19)) 41... Qc6 (41... a5 $1 $17 {[%cal Ra5b4]} 42. Ba3 (42. Bxa5 Nxd6 43. Qd5+ Kh7 $11) 42... Nd4) 42. Qb3+ $14 Kh7 43. Qh3+ {[%mdl 64] Double Attack} Kg8 $1 44. Qb3+ Kh7 45. Qc4 (45. Rae1 $11 Qb6 46. Qh3+ {[%mdl 64] Double Attack} Kg8 47. Ng4 (47. Nf3 $2 Rh6 $19)) 45... Qb6 $15 {[%csl Gb6][%cal Rg6g1]} 46. Qc5 Rxd6 ({Don't play} 46... Qxd6 $6 47. Qxd6 Nxd6 48. Bxd6 $14) (46... Qd8 $11 47. Rd1 a5) 47. Qxb6 $14 Rxb6 48. Rae1 Rg8 49. R1e2 Rh6 50. Rg2 Rd8 51. Kg1 Rd1 52. Kf2 Rh3 53. Bc3 Nd6 $2 {[%mdl 8192] [#]} (53... Ng3 $16 {is tougher.} 54. Rc4 Rc1) 54. Rxf4 $3 $18 {[%mdl 512]} Bh6 (54... exf4 $2 {too greedy.} 55. Rxg7+ Kh6 56. Ng4+ Kh5 57. Nf6+ Kh6 58. Rh7+ Kg6 59. Rxh3 $18) (54... Bh8 55. Rf8) 55. Rfg4 e4 (55... Rc1 $142 56. Bxe5 Nf5) 56. Rg8 {[%csl Gc3][%cal Rg8h8] White is clearly winning.} Nf7 {[#]} 57. Re8 (57. R2g7+ $142 $1 Bxg7 58. Rxg7+ {[%mdl 64] Double Attack} Kh8 59. Rg3+ {[%mdl 64] Discovered Attack} Kh7 60. Rxh3+ Kg8 61. Ng4) 57... Rd5 58. Ng4 {[%cal Rg4f6]} Rf5+ 59. Ke2 Bg5 60. Rxe4 Nd6 61. Rd4 Nb5 62. Rd7+ {[%mdl 64] Double Attack} Kg8 63. Bd2 Kf8 64. Bxg5 {[%mdl 64] Overworked Piece} Rxg5 65. Rf2+ Kg8 66. Nf6+ Kh8 67. Rd8+ {Weighted Error Value: White=0.30/Black=0.40} 1-0